000 00295nam a22001337a 4500
008 170907b xxu||||| |||| 00| 0 eng d
020 _a9780670819515
041 _aeng
080 _a9780670819515
100 _a42
101 _aGEO
245 _aDIVIDED TWINS
_cTUSHENKO.Y
942 _2udc
_cBK
999 _c26626
_d26626